000 00301nam a22001337a 4500
008 171016b xxu||||| |||| 00| 0 eng d
020 _a9780471212133
041 _aeng
080 _23 ed
_a33
100 _a52
101 _aeco
245 _aECONOMIC OF STRATEGIES
_cBESANKO.D
942 _2udc
_cBK
999 _c34130
_d34130